00452 2200169 4500001002100000008004100021035002000062245005400082110002300136250001100159260003300170020001800203084001600221082001000237650002200247990001300269INLIS000000000000777 ind  a0010-0120000777 aIlmuwan MuslimbIbnu Al-NafiscTim Pustaka Fathin aTim Pustaka Fathin aCet. 1 aSolo:bTiga Serangkai,c2005 a979-668-357-1 a2X9.7 ILM i a2X9.7 aTokoh Agama Islam a11900289